LIBRARY & INFORMATION CENTRE, KCAET, TAVANUR

ONLINE PUBLIC ACCESS CATALOGUE (OPAC)

Workshop technology, Vol 1 / (Record no. 10942)

MARC details
000 -LEADER
fixed length control field 00447cam a2200169ua 4500
003 - CONTROL NUMBER IDENTIFIER
control field OSt
008 - FIXED-LENGTH DATA ELEMENTS--GENERAL INFORMATION
fixed length control field 250315b |||||||| |||| 00| 0 eng d
041 ## - LANGUAGE CODE
Language code of text/sound track or separate title mal
082 ## - DEWEY DECIMAL CLASSIFICATION NUMBER
Classification number 621.9
Item number WOR/VA
100 ## - MAIN ENTRY--AUTHOR NAME
Personal name Vasudevan Nair, M K .
245 ## - TITLE STATEMENT
Title Workshop technology, Vol 1 /
250 ## - EDITION STATEMENT
Edition statement 1 /
260 ## - PUBLICATION, DISTRIBUTION, ETC. (IMPRINT)
Place of publication Thiruvananthapuram :
Name of publisher State Instititute of Languages ,
Year of publication 1975.
300 ## - PHYSICAL DESCRIPTION
Number of Pages 258 ; .
700 1# - ADDED ENTRY--PERSONAL NAME
Personal name Devidas, P V .
942 ## - ADDED ENTRY ELEMENTS (KOHA)
Koha item type Books
Holdings
Withdrawn status Lost status Damaged status Home library Current library Date acquired Full call number Accession Number Koha item type
      KAUAET KAUAET 07/04/2012 621.9 WOR/VA 14175 Books
      KAUAET KAUAET 07/04/2012 621.9 WOR/VA 14174 Books
      KAUAET KAUAET 07/04/2012 621.9 WOR/VA 20344 Books
free website counter